000 00417nam a2200181Ia 4500
001 18544
005 20260306171638.0
008 260306s9999||||xx |||||||||||||| ||und||
041 _aESP
082 _a658.408
_bG77
100 _aGraedel, T. E.
_eAUT
245 0 _aIndustrial ecology
260 _c2003
300 _axix, 363 páginas :
_c24 cm.
650 _aGEN
654 _aCIA
942 _cLIB
_dJUS
_fJUS
_2ddc
_n
999 _c18544
_d18544